000 00627nam a22002177a 4500
999 _c4233
_d4233
003 AR-CdUCM
008 190308b ||||| |||| 00| 0 spa d
020 _a968-16-1607-3
040 _aMUNICIPALIDAD PROVINCIAL DEL CUSCO
_cBIBLIOTECA MUNICIPAL DEL CUSCO
082 _a869.15 /
_bB44
100 _aBenítez, Fernando
_9675
245 _aEl Agua Envenenada /
260 _aMexico :
_bFondo Cultural Economico,
_c1961.
300 _a182 paginas ;
_c17cm.
440 _aLecturas Mexicanas
_n45
_913396
650 _aLiteratura
_983
650 _aMexico
_918
650 _aSIglo XX
_97898
942 _2ddc
_cLIBROS
945 _apjha